| 000 | 00839nab a2200265 4500 | ||
|---|---|---|---|
| 003 | BR-BrBNA | ||
| 005 | 20250423104839.0 | ||
| 008 | 250423b bl.||||| |||| 00| 0 por d | ||
| 040 |
_aBR-BrBNA _bpor |
||
| 072 | _aP40 ; H50 ; F30 | ||
| 100 | _aNeto, Ibiapaba | ||
| 245 |
_aO clima mudou _bAgroeconomia |
||
| 500 | _a4 illus. | ||
| 650 | _aCLIMATOLOGIA | ||
| 650 | _aAQUECIMENTO GLOBAL | ||
| 650 | _aMUDANÇA CLIMÁTICA | ||
| 650 | _aBOAS PRÁTICAS AGRÍCOLAS | ||
| 650 | _aRESERVA BIOLÓGICA | ||
| 650 | _aSECA | ||
| 650 | _aTRANSGENIA | ||
| 650 | _aVARIEDADE RESISTENTE | ||
| 773 | 0 |
_01706 _9347838 _dSão Paulo-SP Editora Três Ltda - E-mail: luizfsa@revistadinheiro.com.br 2004 _o2025-0339 _tDinheiro Rural (Brazil) _x1807-3700 _gv. 4(30) p. 28-29; (Apr 2007) _wBR2025000855 |
|
| 942 | _cANA | ||
| 999 |
_c331161 _d331161 |
||